000 00299nam a2200121Ia 4500
008 190216s9999||||xx |||||||||||||| ||und||
100 _aBhawan S Gidwani
245 4 _aThe Sword Of Tipu Sulthn
260 _bAllied Publishers Limited
_c1990
300 _a372
650 _aEnglish Essay
942 _cBK
999 _c13321
_d13321